<?xml version="1.0" encoding="UTF-8"?>
<marc:record xmlns:marc="http://www.loc.gov/MARC21/slim">
   <marc:leader>00000nam a2200000 a 4500</marc:leader>
   <marc:datafield ind1="1" ind2=" " tag="100">
      <marc:subfield code="a">Tsokos, Michael</marc:subfield>
      <marc:subfield code="4">aut</marc:subfield>
      <marc:subfield code="e">Verfasser/-in</marc:subfield>
   </marc:datafield>
   <marc:datafield ind1=" " ind2=" " tag="653">
      <marc:subfield code="a">Rechtsmedizin</marc:subfield>
   </marc:datafield>
   <marc:datafield ind1=" " ind2=" " tag="653">
      <marc:subfield code="a">Kriminalfall</marc:subfield>
   </marc:datafield>
   <marc:datafield ind1=" " ind2=" " tag="653">
      <marc:subfield code="a">Gesellschaft</marc:subfield>
   </marc:datafield>
   <marc:datafield ind1=" " ind2=" " tag="653">
      <marc:subfield code="a">Wirtschaft/Gesellschaft</marc:subfield>
   </marc:datafield>
   <marc:datafield ind1="0" ind2="0" tag="245">
      <marc:subfield code="a">Die Klaviatur des Todes</marc:subfield>
   </marc:datafield>
   <marc:datafield ind1="0" ind2="0" tag="245">
      <marc:subfield code="b">Deutschlands bekanntester Rechtsmediziner klärt auf</marc:subfield>
   </marc:datafield>
   <marc:datafield ind1="0" ind2="0" tag="245">
      <marc:subfield code="c">Michael Tsokos</marc:subfield>
   </marc:datafield>
   <marc:datafield ind1=" " ind2="1" tag="264">
      <marc:subfield code="a">München</marc:subfield>
      <marc:subfield code="b">Knaur-Taschenbuch</marc:subfield>
      <marc:subfield code="c">2014</marc:subfield>
   </marc:datafield>
   <marc:datafield ind1="1" ind2=" " tag="490">
      <marc:subfield code="a">Knaur</marc:subfield>
      <marc:subfield code="v">78583</marc:subfield>
   </marc:datafield>
   <marc:datafield ind1=" " ind2=" " tag="250">
      <marc:subfield code="a">Vollst. Taschenbuchausg.</marc:subfield>
   </marc:datafield>
   <marc:datafield ind1="1" ind2=" " tag="520">
      <marc:subfield code="a">Angaben aus der Verlagsmeldung

Die Klaviatur des Todes : Deutschlands bekanntester Rechtsmediziner klärt auf Die Klaviatur des Todes / von Michael Tsokos

Ein Toter auf einer Berliner Straße - Opfer eines heimtückischen Mordes oder ein tragischer Unfall? Eine grausam verstümmelte Frauenleiche - war es ein brutales Sexualverbrechen? Ein Ehepaar mit schweren Vergiftungssymptomen - standen die beiden auf der Todesliste des russischen Geheimdiensts? Der Rechtsmediziner Michael Tsokos wird immer dann von den Ermittlungsbehörden um Hilfe gebeten, wenn sie bei ihrer Aufklärungsarbeit rechtsmedizinische Expertise benötigen. Er soll herausfinden, was die Toten nicht mehr erzählen können: War es Mord? War es Suizid? Oder war es ein Unfall? Realistisch und hautnah schildert Tsokos rätselhafte Fälle, an deren Lösung er selbst maßgeblich beteiligt war. Im Obduktionssaal und im Labor fügt der Forensik-Spezialist die Indizien wie Puzzleteile zu einem Gesamtbild zusammen, das zur Rekonstruktion des Falles führt.
</marc:subfield>
   </marc:datafield>
   <marc:datafield ind1=" " ind2=" " tag="020">
      <marc:subfield code="a">9783426785836</marc:subfield>
      <marc:subfield code="9">9783426785836</marc:subfield>
   </marc:datafield>
   <marc:datafield ind1=" " ind2=" " tag="020">
      <marc:subfield code="a">3426785838</marc:subfield>
      <marc:subfield code="9">3426785838</marc:subfield>
   </marc:datafield>
   <marc:datafield ind1=" " ind2=" " tag="041">
      <marc:subfield code="a">ger</marc:subfield>
   </marc:datafield>
   <marc:datafield ind1=" " ind2=" " tag="300">
      <marc:subfield code="a">330 S.</marc:subfield>
   </marc:datafield>
</marc:record>
